Архангельские епархиальные ведомости. Г. 20 1907, № 20 (Запись № 11432986)

Подробности
000 -МАРКЕР
контрольное поле 01828nam2a2200289 4500
001 - ИДЕНТИФИКАТОР ЗАПИСИ
контрольное поле RU\NLR\BIBL_A\012323287
005 - ИДЕНТИФИКАТОР ВЕРСИИ
контрольное поле 20250624015217.0
035 ## - ДРУГИЕ СИСТЕМНЫЕ НОМЕРА
Идентификатор записи (NLR Aleph) 012323287
100 ## - ДАННЫЕ ОБЩЕЙ ОБРАБОТКИ
Данные общей обработки 20200828d1907 |||y0rusy50 ca
101 0# - ЯЗЫК РЕСУРСА
Язык текста, звукозаписи и т.д. русский
102 ## - СТРАНА ПУБЛИКАЦИИ ИЛИ ПРОИЗВОДСТВА
Страна публикации российская федерация
105 ## - ПОЛЕ КОДИРОВАННЫХ ДАННЫХ: ТЕКСТОВЫЕ МАТЕРИАЛЫ, МОНОГРАФИЧЕСКИЕ
Кодированные данные о монографическом текстовом документе y |||||||||
135 ## - ПОЛЕ КОДИРОВАННЫХ ДАННЫХ: ЭЛЕКТРОННЫЕ РЕСУРСЫ
Кодированные данные для электронного ресурса crbn 001anaba
200 0# - ЗАГЛАВИЕ И СВЕДЕНИЯ ОБ ОТВЕТСТВЕННОСТИ
Основное заглавие Г. 20 1907, № 20
210 ## - ПУБЛИКАЦИЯ, РАСПРОСТРАНЕНИЕ И ДР.
Дата издания, распространения и т.д. 1907
Место издания, распространения и т.д. Б. м.
325 1# - ПРИМЕЧАНИЕ О КОПИИ
Текст примечания Копия доступна в электронной библиотеке РНБ
421 #1 - ПРИЛОЖЕНИЕ
Встроенное поле 2001#$aОтчет о состоянии и деятельности Братства святого апостола и евангелиста Иоанна Богослова при Архангельской духовной семинарии за 1906-907 год
-- 210##$a[Архангельск$d1907]
-- 309##$aПрипл.
Заглавие Отчет о состоянии и деятельности Братства святого апостола и евангелиста Иоанна Богослова при Архангельской духовной семинарии за 1906-907 год
461 #0 - УРОВЕНЬ НАБОРА
Встроенное поле 001RU\NLR\INFOCOMM10\1000082947
-- 2001#$aАрхангельские епархиальные ведомости$vГ. 20 1907, № 20
Системный номер (АБИС) связанной записи 2486697
Место публикации [Архангельск]
Дата публикации 1885-
Заглавие Архангельские епархиальные ведомости
Номер тома Г. 20 1907, № 20
852 ## - МЕСТОНАХОЖДЕНИЕ И ШИФР ХРАНЕНИЯ
Идентификатор организации NLR
Шифр хранения (Call Number) 5/1
901 ## - ДАННЫЕ ОБ ОБЪЕКТЕ ОЦИФРОВКИ
-- Журналы
942 ## - ДОПОЛНИТЕЛЬНЫЕ ЭЛЕМЕНТЫ ЗАПИСИ (АБИС)
Тип экземпляра АБИС Выпуск
980 ## - КОЛЛЕКЦИЯ
Название коллекции Национальная библиография
980 ## - КОЛЛЕКЦИЯ
Название коллекции Русская периодика
981 36 - КОЛЛЕКЦИЯ ЭЛЕКТРОННОЙ БИБЛИОТЕКИ
Название коллекции Цифровой репозиторий РНБ
981 15 - КОЛЛЕКЦИЯ ЭЛЕКТРОННОЙ БИБЛИОТЕКИ
Название коллекции Епархиальные ведомости
Название подколлекции Архангельские епархиальные ведомости

Нет доступных экземпляров.